00711nam a2200181 a 450000100100000000500170001000800410002702000150006804000250008308200150010810000270012324500410015026000380019130000210022959000760025095201860032699900170051200003478520200930073912.0111019s1984 nyu 000 0 spa d a0449207269 aDO-SdBNPbspacBNPHU axxxbM152r1 aMacInnes, Helen96027810aRide a pale horse /cHelen MacInnes. aNew York :bFawcett Crest,c1984. a369 p. ;c18 cm. aPerteneció a la biblioteca personal de Juan Isidro Jimenes Grullón. 001050718MOaGRbGRcCTd2011-10-19iLF1l0oxxx M152rp34785-10r2020-06-25w2020-06-25y1zPerteneció a la biblioteca personal de Juan Isidro Jimenes- GrullónZNo se presta c34276d34276